|
|
|
|
| LEADER |
00000nab a2200000u 4500 |
| 001 |
vtls011889768 |
| 003 |
SK-MaSNL |
| 005 |
20260304120602.0 |
| 008 |
190926|2019 xo ||||||| || ||slo| |
| 038 |
|
|
|a KEVKJB
|
| 040 |
|
|
|a KEVKJB
|b slo
|c KEVKJB
|e rda
|
| 041 |
0 |
|
|a slo
|
| 043 |
|
|
|a e-xo---
|
| 044 |
|
|
|a xo
|c SK
|
| 072 |
|
7 |
|a 82
|x Literatúra. Literárny život
|2 konspekt
|
| 080 |
|
|
|a 82:7.079
|2 2011
|
| 100 |
1 |
|
|a Ducsová, Michaela
|4 aut
|9 266178
|
| 245 |
1 |
0 |
|a Literatúra v Draculovej zeme v Košiciach
|c Michaela Ducsová
|
| 300 |
|
|
|b Fotografie
|
| 336 |
|
|
|a text
|b txt
|2 rdacontent
|
| 337 |
|
|
|a bez média
|b n
|2 rdamedia
|
| 338 |
|
|
|a zväzok
|b nc
|2 rdacarrier
|
| 610 |
2 |
7 |
|a Knižnica pre mládež mesta Košice
|2 SNKKA
|9 32636
|
| 611 |
2 |
7 |
|a Mesiac autorského čítania
|d (2019 :
|c Košice, Slovensko)
|2 kevkjb
|9 1424679
|
| 648 |
|
7 |
|a 2019
|2 kevkjb
|9 350886
|
| 650 |
0 |
7 |
|a literárne festivaly
|2 SNKPH
|9 68768
|
| 650 |
0 |
7 |
|a autorské čítanie
|2 SNKPH
|9 99174
|
| 651 |
|
7 |
|a Košice (Slovensko)
|2 SNKPHgeo
|9 18694
|
| 773 |
0 |
|
|t Knižná revue
|g Roč. XXIX., č. 7/8 (2019), s. 3
|x 1210-1982
|
| 852 |
|
|
|a KEVKJB
|b KIS3GCP
|
| 856 |
4 |
1 |
|u https://www.litcentrum.sk/clanok/literatura-z-draculovej-zeme-v-kosiciach
|
| 958 |
|
|
|a LX
|
| 999 |
|
|
|c 2880753
|d 2882683
|